000 00948nam a22002897a 4500
001 BR8206530
003 BR-BrBNA
005 20230928091519.0
007 ta
008 230509b bl.||||| |||| 00| 0 por d
040 _aBR-BrBNA
_bpor
_cBiblioteca Nacional de Agricultura
041 _a(Por)
072 _aE50; E15
_b/G514
090 _ E50 BR8206530
100 1 _aOliveira, J.M.
110 1 _aUniversidade de Sao Paulo, Sao Paulo (Brasil). Faculdade de Filosofia, Letras e Ciencias Humanas
_0Tese (Mestrado)
_910532
245 1 _aA esperanca vem na frente: contribuicao ao estudo da pequena producao em Mato Grosso, o caso SINOP [Brasil]
260 3 _aSao Paulo, SP (Brasil):
_c1982.
300 _a144 p.
500 _a8 tables; Bibliography p. 140-144 (53 ref.)
650 _aPEQUENO PRODUTOR
650 _aCOLONIZACAO
650 _aPRODUTIVIDADE
650 _aMATO GROSSO
909 _a202309
_bLucia
_c55
_dLucia Elande
942 _cBK
999 _c34199
_d34199